| 000 | 00000nam 2200000za 4500 |
| 001 | 9.800040 |
| 003 | CaOODSP |
| 005 | 20240314152356 |
| 007 | cr ||||||||||| |
| 008 | 150407|2008||||xxc|||||o f|0| 0 fre d |
| 040 | |aCaOODSP|bfre |
| 043 | |an-cn--- |
| 086 | 1 |aPS9-3/2008F-PDF |
| 110 | 1 |aCanada. |bSécurité publique Canada. |
| 245 | 10|aStratégie nationale d'atténuation des catastrophes du Canada. |h[ressource électronique] |
| 260 | |a[Ottawa] : |b[Sécurité publique Canada], |c[2008]. |
| 300 | |a12 p. : |bdiagramme. |
| 500 | |aÉgalement publié en anglais sous le titre : Canada’s National Disaster Mitigation Strategy. |
| 692 | 07|2gccst|aProtection civile |
| 692 | 07|2gccst|aStratégie |
| 775 | 08|tCanada's National Disaster Mitigation Strategy. |w(CaOODSP)9.800012 |
| 856 | 40|qPDF|s57 Ko|uhttps://publications.gc.ca/collections/collection_2015/sp-ps/PS9-3-2008-fra.pdf |